| 000 | 01305 a2200229 4500 | ||
|---|---|---|---|
| 001 | 21672 | ||
| 005 | 20260407155507.0 | ||
| 008 | 260407a2004 arg spa d | ||
| 003 | AR-UNSa-BCEJYS | ||
| 040 |
_aAR-UNSa-BCEJYS _bspa _cAR-UNSa-BCEJYS |
||
| 080 |
_a336.226.2 _xImpuestos sobre las propiedades (Impuestos de sellos) |
||
| 245 | 1 | 0 | _aImpuesto de sellos |
| 020 | _a987-01-0279-4 | ||
| 250 | _a2a. ed | ||
| 264 | 1 |
_aBuenos Aires : _bErrepar _c2004 |
|
| 300 |
_axx, 332 p. _c21 cm. |
||
| 505 | _a1. Naturaleza del gravamen - 2. Hecho imponible del impuesto - 3. Base de imposición - 4. Actos de contenido singular o plural - 5. Eficacia de la ley de sellos en el tiempo y en el espacio - 6. Contratos entre ausentes - 7. Distintos supuestos del derecho obligacional - 8. Operaciones con inmuebles - 9. Obligaciones.accesorias - 10. Compraventa y cesión de derechos - 11. Pagos por subrogación - 12. Sociedades - 13. Otros instrumentos y operaciones - 13. Otros instrumentos y operaciones - 14. Operaciones de Bolsa - 15. Exenciones - 16. Ilícitos fiscales - 17. Consulta fiscal. | ||
| 942 | _cBK | ||
| 590 | _aniveau_biblio:m niveau_hierar:0 | ||
| 100 | 1 | _aDíaz, Vicente O. | |
| 856 | 4 | 1 |
_uhttps://biblioeco.unsa.edu.ar/pmb/images/libros/Impuesto de Sellos.jpg _yImagen de portada _qimage/jpeg |
| 999 |
_c840 _d840 |
||